|
|
|
|
| LEADER |
00000nam0a2200000 4500 |
| 001 |
352076 |
| 005 |
20231102010450.0 |
| 035 |
|
|
|a (RuTPU)RU\TPU\retro\8247
|
| 090 |
|
|
|a 352076
|
| 100 |
|
|
|a 20191115d k y0rusy50 ca
|
| 101 |
0 |
|
|a rus
|
| 102 |
|
|
|a RU
|
| 105 |
|
|
|a y z 000zy
|
| 200 |
1 |
|
|a Соображения по вопросу о развитии промышленности брожения Сибирского края
|e [оттиск статьи]
|f С. В. Лебедев
|
| 215 |
|
|
|a 9 с.
|c табл.
|
| 320 |
|
|
|a Библиогр. в примеч.
|
| 606 |
1 |
|
|a Пищевая промышленность
|2 stltpush
|3 (RuTPU)RU\TPU\subj\33648
|9 55824
|
| 610 |
1 |
|
|a коллекция ТПУ
|
| 610 |
1 |
|
|a труды учёных ТПУ
|
| 610 |
1 |
|
|a оттиски
|
| 610 |
1 |
|
|a дрожжевое производство
|
| 610 |
1 |
|
|a пивоваренные предприятия
|
| 610 |
1 |
|
|a винокуренное производство
|
| 610 |
1 |
|
|a история
|
| 610 |
1 |
|
|a перспективы развития
|
| 675 |
|
|
|a 664
|v 4
|
| 700 |
|
1 |
|a Лебедев
|b С. В.
|c российский химик-технолог питательных веществ
|c профессор Томского технологического института (1902-1930)
|f 1876-1938
|g Сергей Васильевич
|2 stltpush
|3 (RuTPU)RU\TPU\pers\19081
|
| 801 |
|
1 |
|a RU
|b 63413507
|c 20191115
|
| 801 |
|
2 |
|a RU
|b 63413507
|c 20191115
|g RCR
|
| 942 |
|
|
|c BK
|